Σύστημα διαχείρισης απορριμμάτων πολεοδομικού συγκροτήματος Βόλου και ευρύτερης περιοχής : πτυχιακή εργασία

Αποθηκεύτηκε σε:
Λεπτομέρειες βιβλιογραφικής εγγραφής
Κύριος συγγραφέας: Μπαρτζιάλης, Δημήτριος Ι.
Συγγραφή απο Οργανισμό/Αρχή: Πανεπιστήμιο Αιγαίου. Σχολή Περιβάλλοντος. Τμήμα Περιβάλλοντος
Άλλοι συγγραφείς: Χαλβαδάκης, Κωνσταντίνος Π. (Εισηγητής διατριβής)
Μορφή: Thesis Βιβλίο
Γλώσσα:Greek
Δημοσίευση: Μυτιλήνη : Πανεπιστήμιο Αιγαίου, Σχολή Περιβάλλοντος, Τμήμα Περιβάλλοντος, 1992
Θέματα:
Διαθέσιμο Online:http://hdl.handle.net/11610/9782
Ετικέτες: Προσθήκη ετικέτας
Δεν υπάρχουν, Καταχωρήστε ετικέτα πρώτοι!

MARC

LEADER 00000cam a2200000 i 4500
001 1/3594
008 000522s1992 gre d
035 |l 10060851 
040 |a GR-MY-UA  |b gre  |e aacr 
041 0 |a gre 
082 0 |a 628.44  |2 (22) 
100 1 |a Μπαρτζιάλης, Δημήτριος Ι. 
245 1 0 |a Σύστημα διαχείρισης απορριμμάτων πολεοδομικού συγκροτήματος Βόλου και ευρύτερης περιοχής :  |b πτυχιακή εργασία /  |c Μπαρτζιάλης Ι. Δημήτριος ; επιβλέπων καθηγητής Χαλβαδάκης Κώστας 
260 |a Μυτιλήνη :   |b Πανεπιστήμιο Αιγαίου, Σχολή Περιβάλλοντος, Τμήμα Περιβάλλοντος,   |c 1992 
300 |a 65 σ.;  |b πιν., σχ.;  |c 30 εκ. 
502 |a Πτυχιακή εργασία – Πανεπιστήμιο Αιγαίου, Λέσβος, 1992. 
504 |a Περιέχει παράρτημα και βιβλιογραφία 
650 0 0 |a Integrated solid waste management  |z Greece  |z Volos. 
650 0 0 |a Refuse and refuse disposal  |z Greece  |z Volos. 
650 0 0 |a Dissertations, Academic  |z Greece. 
700 1 |a Χαλβαδάκης, Κωνσταντίνος Π.  |4 ths 
710 2 |a Πανεπιστήμιο Αιγαίου.   |b Σχολή Περιβάλλοντος.   |b Τμήμα Περιβάλλοντος. 
852 |a INST  |b LESVOS  |c DIATR  |e 20000522  |h 47  |p 005100024376  |q 005100024376  |t DIE  |y 23 
852 |a INST  |b LESVOS  |c DIATR  |e 20000522  |h 48  |p 005100024375  |q 005100024375  |t DIE  |y 23 
856 |u http://hdl.handle.net/11610/9782 
901 |a BIBL1-2000-2 
909 |a Λ  |b 078684 
909 |a Λ  |b 078685 
924 |a ΜΠΑΡΤΖΙΑΛΗΣ  |b ΔΗΜΗΤΡΙΟΣ Ι.  |y ΛΕΣΒΟΣ  |z 1993-03 
970 |a ΑΙΒΑΤΖΙΔΟΥ  |b ΕΛΕΝΗ  |z 2000/05/22